[Event "Landesliga U20 Nord 1718"]
[Site "Bayern"]
[Date "2017.11.18"]
[Round "1.2"]
[White "Schilay, Eva"]
[Black "Kobras, Manuel"]
[Result "1-0"]
[WhiteElo "1557"]
[BlackElo "1431"]
[PlyCount "75"]
[EventDate "2017.11.18"]
[EventType "team-tourn"]
[EventRounds "7"]
[EventCountry "GER"]
[SourceTitle "EXT 2022"]
[Source "ChessBase"]
[SourceDate "2021.10.06"]
[SourceVersion "1"]
[SourceVersionDate "2021.10.06"]
[SourceQuality "1"]
[WhiteTeam "Neumarkt U20"]
[BlackTeam "Allersberger SC U20"]
[WhiteTeamCountry "GER"]
[BlackTeamCountry "GER"]

1. e4 c5 2. Nc3 g6 3. g3 Bg7 4. Bg2 Nc6 5. d3 d6 6. Be3 Nf6 7. h3 0-0 8. Qd2 Bd7 9. Bh6 Nd4 10. Bxg7 Kxg7 11. Nge2 Nxe2 12. Nxe2 Bc6 13. 0-0 Qd7 14. Qc3 Kg8 15. f4 Rae8 16. f5 a6 17. Rf2 g5 18. Qd2 h6 19. h4 Nh7 20. hxg5 hxg5 21. Bf3 f6 22. Bh5 Rd8 23. Rh2 Kg7 24. Kf2 Rh8 25. Rah1 Rdg8 26. Nc3 e6 27. Bg4 Nf8 28. Ke3 Qe8 29. Qg2 exf5 30. Bxf5 Bd7 31. g4 Ng6 32. Bxg6 Qxg6 33. Qg3 Rxh2 34. Rxh2 Rh8 35. Rxh8 Kxh8 36. Qxd6 Bxg4 37. Qf8+ Kh7 38. Nd5 1-0

[Event "Landesliga U20 Nord 1617"]
[Site "Bayern"]
[Date "2017.03.11"]
[Round "6.4"]
[White "Bruell, Jakob"]
[Black "Kobras, Manuel"]
[Result "0-1"]
[WhiteElo "1445"]
[BlackElo "1469"]
[PlyCount "109"]
[EventDate "2016.11.12"]
[EventType "team-tourn"]
[EventRounds "7"]
[EventCountry "GER"]
[SourceTitle "EXT 2022"]
[Source "ChessBase"]
[SourceDate "2021.10.06"]
[SourceVersion "1"]
[SourceVersionDate "2021.10.06"]
[SourceQuality "1"]
[WhiteTeam "Regensburg Bavaria II"]
[BlackTeam "Allersberger SC U20"]
[WhiteTeamCountry "GER"]
[BlackTeamCountry "GER"]

1. e4 c5 2. Nf3 g6 3. d4 cxd4 4. Nxd4 Bg7 5. Nc3 d6 6. Be3 Nc6 7. Bc4 Nf6 8. f3 0-0 9. Qd2 Bd7 10. 0-0-0 a6 11. Bh6 Rc8 12. Bb3 Na5 13. h4 Nxb3+ 14. Nxb3 Be6 15. h5 Bxb3 16. axb3 Rc5 17. hxg6 fxg6 18. Bxg7 Kxg7 19. Qh6+ Kf7 20. Nd5 Rh8 21. Nxf6 Kxf6 22. Qf4+ Kg7 23. c4 Qa5 24. Kc2 b5 25. Rd5 bxc4 26. Rxc5 cxb3+ 27. Kxb3 Qxc5 28. Rc1 Rb8+ 29. Ka2 Qb4 30. Rc2 Qb3+ 31. Kb1 Rb5 32. Qd2 a5 33. Qc3+ Qxc3 34. Rxc3 Rg5 35. Rc2 Kf6 36. Kc1 h5 37. Kd1 a4 38. Ke1 Ra5 39. Kf2 a3 40. bxa3 Rxa3 41. Re2 h4 42. Re3 Ra2+ 43. Re2 Rxe2+ 44. Kxe2 Ke5 45. Ke3 g5 46. Ke2 Kf4 47. Kf2 e6 48. Ke2 Kg3 49. Kf1 d5 50. exd5 exd5 51. Kg1 d4 52. Kf1 d3 53. Ke1 Kxg2 54. Kd2 Kxf3 55. Kxd3 0-1

[Event "Landesliga U20 Nord 1617"]
[Site "Bayern"]
[Date "2017.01.21"]
[Round "4.4"]
[White "Kobras, Manuel"]
[Black "Glaser, Marius"]
[Result "1-0"]
[WhiteElo "1469"]
[BlackElo "1453"]
[PlyCount "79"]
[EventDate "2016.11.12"]
[EventType "team-tourn"]
[EventRounds "7"]
[EventCountry "GER"]
[SourceTitle "EXT 2022"]
[Source "ChessBase"]
[SourceDate "2021.10.06"]
[SourceVersion "1"]
[SourceVersionDate "2021.10.06"]
[SourceQuality "1"]
[WhiteTeam "Allersberger SC U20"]
[BlackTeam "Schwandorf U20"]
[WhiteTeamCountry "GER"]
[BlackTeamCountry "GER"]

1. d4 d5 2. c4 c6 3. e3 Nf6 4. Nc3 Bf5 5. Nf3 e6 6. Be2 Nbd7 7. 0-0 Nb6 8. c5 Nbd7 9. Bd2 Qc7 10. h3 Be7 11. b4 b6 12. Ne1 e5 13. Nc2 0-0 14. f4 Bxc2 15. Qxc2 exd4 16. exd4 Rfe8 17. Rae1 a5 18. a3 axb4 19. axb4 Nf8 20. f5 bxc5 21. bxc5 Qc8 22. Qd3 Ra3 23. Ra1 Rxa1 24. Rxa1 Ne4 25. Nxe4 dxe4 26. Qa6 Nd7 27. Qxc8 Rxc8 28. Ra7 Rd8 29. Ba5 Rb8 30. Rxd7 Kf8 31. Rc7 e3 32. g4 Bd8 33. Ra7 Rb2 34. Bxd8 Rxe2 35. Be7+ Ke8 36. Kf1 Rf2+ 37. Ke1 Rh2 38. Bd6 Rxh3 39. Re7+ Kf8 40. Rxe3+ 1-0

[Event "Landesliga U20 Nord 1617"]
[Site "Bayern"]
[Date "2016.12.10"]
[Round "2.4"]
[White "Kobras, Manuel"]
[Black "Volkovski, Reinhold"]
[Result "0-1"]
[WhiteElo "1469"]
[BlackElo "1815"]
[PlyCount "122"]
[EventDate "2016.11.12"]
[EventType "team-tourn"]
[EventRounds "7"]
[EventCountry "GER"]
[SourceTitle "EXT 2022"]
[Source "ChessBase"]
[SourceDate "2021.10.06"]
[SourceVersion "1"]
[SourceVersionDate "2021.10.06"]
[SourceQuality "1"]
[WhiteTeam "Allersberger SC U20"]
[BlackTeam "Nuernberg NT U20"]
[WhiteTeamCountry "GER"]
[BlackTeamCountry "GER"]

1. e4 d6 2. Nf3 Nf6 3. Nc3 g6 4. Bc4 Bg7 5. h3 c6 6. d3 e5 7. 0-0 0-0 8. Re1 Nbd7 9. Be3 Nb6 10. Bb3 Be6 11. Qd2 Re8 12. Bh6 Bxb3 13. axb3 Qc7 14. Bxg7 Kxg7 15. Re2 h6 16. Rae1 Rad8 17. Qc1 Re7 18. Nh2 Qc8 19. f4 Nh5 20. fxe5 dxe5 21. Ng4 Nf4 22. Rf2 h5 23. Nxe5 Nxh3+ 24. gxh3 Rxe5 25. Qf4 Qc7 26. Qf6+ Kg8 27. Ref1 Re7 28. Kg2 Rdd7 29. Rf3 Qe5 30. Qxe5 Rxe5 31. Ra1 a6 32. Kf2 Nc8 33. Ke3 Re8 34. Ra4 Nb6 35. Rb4 Nd5+ 36. Nxd5 cxd5 37. Kf4 dxe4 38. Rxe4 Rxe4+ 39. Kxe4 Re7+ 40. Kd4 Rd7+ 41. Ke3 Re7+ 42. Kd2 Kg7 43. Rf4 g5 44. Rf2 Kg6 45. c4 f5 46. d4 g4 47. hxg4 hxg4 48. Re2 Rd7 49. d5 Kg5 50. Ke3 f4+ 51. Kf2 Kf5 52. Re1 f3 53. Kg3 Rh7 54. Rd1 Rh3+ 55. Kf2 Ke4 56. d6 g3+ 57. Kg1 g2 58. Kf2 Rh1 59. Rg1 Kf4 60. d7 Rxg1 61. Kxg1 Kg3 0-1

[Event "Landesliga U20 Nord 1516"]
[Site "Bayern"]
[Date "2016.02.27"]
[Round "7.3"]
[White "Kobras, Manuel"]
[Black "Uhlig, Felix"]
[Result "1/2-1/2"]
[WhiteElo "1176"]
[BlackElo "1437"]
[PlyCount "58"]
[EventDate "2015.11.21"]
[EventType "team-tourn"]
[EventRounds "7"]
[EventCountry "GER"]
[SourceTitle "EXT 2022"]
[Source "ChessBase"]
[SourceDate "2021.10.06"]
[SourceVersion "1"]
[SourceVersionDate "2021.10.06"]
[SourceQuality "1"]
[WhiteTeam "Allersberger SC U20"]
[BlackTeam "Kareth Lappersdorf U20"]
[WhiteTeamCountry "GER"]
[BlackTeamCountry "GER"]

1. d4 d5 2. c4 c6 3. e3 e6 4. Nf3 Bd6 5. Nc3 Nf6 6. Bd2 0-0 7. Bd3 Nbd7 8. Qc2 Re8 9. Ne2 e5 10. dxe5 Nxe5 11. Nxe5 Bxe5 12. Ng3 d4 13. 0-0 c5 14. Rfe1 b6 15. Rad1 Bb7 16. Bc1 Kh8 17. b3 Qc7 18. f4 Bd6 19. Nf5 Ng4 20. Nxd6 Qxd6 21. e4 f6 22. h3 Nh6 23. Qf2 Re7 24. Re2 Rae8 25. Rde1 Nf7 26. Qh4 g6 27. g4 Kg7 28. Qg3 g5 29. h4 h6 1/2-1/2